F1 Academy Quiz Teil 2 - Statistiken

Allgemein
  • Dieses Quiz wurde 8 mal gespielt
  • Das Durchschnittsergebnis liegt bei 6 aus 8
Antwortstatistiken
Frage Antwort % Korrekt
Chloe Chong
100%
Maya Weug
86%
Alisha Palmowski
71%
Aurelia Nobels
71%
Joanne Ciconte
71%
Lia Block
71%
Tina Hausmann
71%
Doriane Pin
57%
Keine übereinstimmenden Quizze gefunden
Verteilung der Resultate
Anzahl Personen mit jedem Resultat
Perzentil nach korrekt beantworteten Fragen
Ihre Resultats-Entwicklung
Sie haben dieses Quiz noch nicht gespielt